000 01119nam a2200313 i 4500
003 EG-GICUC
005 20260429112005.0
008 260429s1901 fr |||fr|||| 00| 0 fre d
040 _aEG-GiCUC
_bfre
_cEG-GiCUC
_dEG-GiCUC
_eRda
041 _afre
082 0 4 _221
_a343.78
_bDE . C
092 0 4 _221
099 _aLaw1 10 343.78 DE . C 1901
100 1 _aDesfontaines, H. Louiche
_eAuteur
245 1 0 _aCONGRES INTERNATIONAUX DU PATRONAGE DES LIBÉRÉS
_pParis, 8-13 juillet 1900 /
_cH. LOUICHE-DESFONTAINES.
264 1 _aParis :
_bUNION DES SOCIÉTÉS DE PATRONAGE DE FRANCE,
_c1901.
300 _a908 page ;
_c 24 cm.
336 _2rda contenu
_a texte
337 _2rda medias
_aOrdinateur
338 _2 transporteur rda
_a Ressource en ligne
500 _aACTES DU CONGRES Compte rendu stenographique publié au nom de la Commission d'organisation
546 _aTexte en français
650 1 4 _aSuivi à la sortie
_2qrmak
650 1 4 _aDroit pénal international
651 1 _2qrmak
856 4 0 _uhttps://fll.law.cu.edu.eg/fulltext/bks/B10-11863.pdf
905 _a161
942 _2ddc
_cBK
_e21
_n0
999 _c74119
_d74119